Statistics for Three Biggest Cities in Each Province of China on a Map

Click here to take the quiz!

General Stats

  • This quiz has been taken 140 times
  • The average score is 48 of 87

Answers on the Map

Answers color-coded by a green-red scale on the quiz's map according to % correct below.
 

Answer Stats

Province RankPopulationCity% Correct
121,542,000Beijing
98%
124,238,000Shanghai
98%
17,481,800Hong Kong
97%
115,620,000Tianjin
97%
131,018,000Chongqing
95%
17,541,527Wuhan
95%
12,853,398Ürümqi
94%
213,233,500Guangzhou
93%
19,177,000Chengdu
92%
1653,100Macau
92%
15,403,052Xi'an
92%
14,596,313Harbin
91%
16,500,000Nanjing
90%
113,374,300Shenzhen
90%
15,500,000Qingdao
89%
13,662,000Xiamen
89%
17,470,000Hangzhou
88%
23,902,467Dalian
86%
15,718,232Shenyang
86%
23,534,500Fuzhou
84%
1220,252Lhasa
82%
14,459,300Zhengzhou
82%
14,015,700Changsha
81%
13,890,000Kunming
81%
32,930,000Wenzhou
81%
14,020,000Hefei
79%
13,370,000Nanning
75%
23,130,000Ningbo
71%
11,833,900Haikou
70%
24,460,000Jinan
70%
24,540,000Suzhou
70%
12,690,000Lanzhou
69%
13,411,209Changchun
68%
21,469,722Jilin
68%
13,378,731Taiyuan
67%
33,090,000Wuxi
67%
37,795,800Dongguan
65%
32,660,000Zibo
63%
13,095,219Shijiazhuang
62%
13,250,000Nanchang
61%
12,520,061Guiyang
59%
21,497,110Huhehaote
59%
31,504,996Anshan
53%
21,540,000Huainan
53%
31,033,174Qiqihar
53%
11,900,373Baotou
52%
21,892,500Luoyang
52%
11,153,417Xining
48%
11,286,700Yinchuan
47%
22,128,191Tangshan
46%
31,257,843Baoding
45%
31,330,000Guilin
45%
31,430,000Wuhu
42%
21,433,698Daqing
40%
21,960,000Liuzhou
39%
2596,700Sanya
38%
21,302,800Zhuzhou
38%
3144,484Datong
37%
21,625,868Datong
37%
21,440,000Ganzhou
35%
21,433,057Xiangyang
35%
2871,940Baoji
34%
31,285,100Hengyang
32%
21,169,000Nanchong
32%
31,212,500Nanyang
32%
3902,285Chifeng
31%
31,100,000Luzhou
31%
2995,311Zunyi
30%
31,049,363Yichang
29%
3835,648Xianyang
25%
3509,107Siping
24%
3950,000Jiujiang
22%
3621,488Liupanshui
22%
2830,000Tianshui
22%
3338,700Wuzhong
22%
3368,813Gulja
21%
3510,000Wuwei
21%
3870,429Changzhi
20%
344,028Qamdo
20%
2450,300Shizuishan
20%
2425,182Korla
19%
2840,000Qujing
19%
3471,500Danzhou
17%
2186,341Golmud
14%
263,967Xigaze
13%
3760,000Xuanwei
13%
31,414,400Jinjiang
12%

Score Distribution

Percentile by Number Answered

Percent of People with Each Score

Your Score History

You have not taken this quiz